000 00870nam a2200193Ii 4500
003 JO-AjNU
008 230605s9999||||xx |||||||||||||| ||und||
040 _aJO-AjNU
_bara
_erda
_cJO-AjNU
041 _aara
050 1 4 _aHF5655 2011
100 3 _aحسن، سيد عبد الفتاح صالح,
_eauthor
_934437
245 0 0 _aتحليل اثر اختلاف مستويات الافصاح المحاسبي القطاعي على القدرة التنبؤية للمعلومات المحاسبية (مع دراسة حالة)
264 3 1 _aالقاهرة: المنظمة العربية للتنمية الادارية؛2011
300 _a137ص
_bيحتوي على ملاحق من ص 83-137 ص
336 _atext
_btxt
_2rdacontent
337 _aunmediated
_bn
_2rdamedia
338 _avolume
_bnc
_2rdacarrier
650 4 _aنظم المعلومات المحاسبية
_934438
999 _aA14121
_c17689
_d17689